000 00306nam a22001337a 4500
008 170522b xxu||||| |||| 00| 0 eng d
020 _a9780205739172
041 _aeng
080 _25 ED
_a94(7/8)
100 _a16
101 _aSHH
245 _aTHE AMERICAN JOURNEY
_cGOLDFIELD.D
942 _2udc
_cBK
999 _c13774
_d13774